000 00702nam a2200205Ia 4500
005 20250508162950.0
008 008 250505s9999 xx 000 0 eng d
037 _aTextual
040 _aFEDL
_beng
_cFEDL
041 _aeng
_2eng
084 _a370.71, UNE
_qFEDL
245 0 _aIn - service primary teacher eduaction in Asia
245 0 _cUNESCO
260 _aBangkok, Thailand
_bUNESCO Regional Office for Education in Asia and the Pacific
_c1982
300 _a100p
546 _aReport of the APEID finalization meeting on the joint innovation project ( New Delhi, India, 3-12December 1981)
650 _aEducation
942 _cTEXL
_h370.71, UNE
999 _c1379674
_d1379674